[Event "Terres Catalanes 15th"]
[Site "Ampuriabrava"]
[Date "1997.09.23"]
[Round "7"]
[White "Ubilava, Elizbar"]
[Black "Izeta Txabarri, Felix"]
[Result "1-0"]
[WhiteElo "2520"]
[BlackElo "2525"]
[Annotator "Avrukh,B"]
[PlyCount "81"]
[EventDate "1997.09.17"]
[EventType "tourn"]
[EventRounds "9"]
[EventCountry "ESP"]
[EventCategory "10"]
[SourceTitle "CBM 062"]
[Source "ChessBase"]
[SourceDate "1998.01.31"]
[SourceVersion "1"]
[SourceVersionDate "1998.01.31"]
[SourceQuality "1"]

1. Nf3 {Tyomkin,D} Nf6 2. g3 d5 3. Bg2 c5 4. O-O Nc6 5. d4 Bg4 6. Ne5 cxd4 7.
Nxg4 Nxg4 8. c3 (8. e3 $5 Nf6 9. exd4 e6 10. a4 (10. Be3 $5) (10. Re1 $6 Be7
11. Bf1 O-O 12. c3 Rb8 13. a4 Bd6 14. Nd2 a6 15. Nf3 Ne4 16. Bd3 f5 $1 $132)
10... Bd6 11. c3 O-O 12. Nd2 Rc8 13. Re1 Na5 14. Bf1 Re8 15. Bd3 Nd7 16. Nf3
Nf8 $13 {Polugaevsky,l-Seiravan,J,1987}) (8. e4 Nf6 9. exd5 Nxd5 10. c3 (10. c4
Nb6 11. b4 $44 {Gufeld,E}) 10... e6 (10... e5 11. cxd4 Nxd4 12. Re1 $16 {
Gufeld,E}) 11. cxd4 Be7 12. Nc3 O-O 13. Nxd5 exd5 14. Be3 Bf6 15. Rc1 Qa5 16.
a3 $14 {Yermolinsky-Azmaiparashvili,1981.}) 8... Nf6 (8... dxc3 9. e4 $5 $36)
9. cxd4 e6 (9... g6 $6 10. Nc3 Bg7 11. Qb3 $5 Qd7 12. e3 Na5 13. Qb4 b6 14. b3
Rc8 15. Bd2 O-O 16. Rfc1 $16 {Petursson-Polgar,Z/Icleandair op/SW,12,15 1988 
(28)}) 10. Nc3 Be7 11. e3 (11. e4 $6 {Kharitonov} dxe4 12. Nxe4 Qxd4 13. Qxd4
Nxd4 14. Nxf6+ Bxf6 15. Bxb7 Rb8) 11... O-O 12. Bd2 (12. Qe2 $142 {Kharitonov})
(12. f4 $6 {Kharitonov} Bb4 $5 13. Ne2 Ne7 $6 (13... Ne4 {Kharitonov} 14. Qd3
f5 15. a3 Bd6 $15) 14. Qb3 Qb6 15. a3 Ba5 (15... Bd6 {Kharitonov} 16. Qxb6 axb6
17. Nc3 $10) 16. Qd3 $5 (16. Qxb6 {Kharitonov} Bxb6 {/\Nf5-d6-/+/}) 16... Qd8
17. b4 Bc7 (17... Bb6 {Kharitonov} 18. Nc3 Nf5 19. Bf3 Nd6 20. g4 $13) 18. Nc3
Nf5 19. Bf3 Nd6 20. g4 $5 $36 {Quinteros,M-Kavalek,L/Linares 1981 (37)}) (12.
b3 $5 Rc8 13. Bb2 a6 14. Qe2 Bd6 15. Rfd1 Bb4 $6 16. Qd3 Be7 17. Rac1 b5 18. a4
$1 b4 19. Nb1 $14 {Lechtynsky,J-Adamski,J/Vrnjacka Banja 1984 (41)}) 12... Rc8
13. Qe2 Qd7 14. Rfc1 a6 $6 {Advancing the pawns on the queenside black is just
creating to himself weaknesses.} 15. Qd1 b5 16. Ne2 Bd6 17. a4 b4 18. a5 $1 $14
{All white pieces are placed on first and second ranks,but white's position
reminds a spring:one wrong move of black and all hidden energy will come out!}
e5 19. Be1 $1 {Another strong move showing that black has no real counterplay.}
(19. dxe5 $5 Bxe5 20. Qb3 Ne4 21. Be1 $5 (21. Bxb4 Rb8 (21... Nxb4 22. Qxb4
Rxc1+ $1 (22... Rb8 $6 23. Qa4 Qxa4 24. Rxa4 Rxb2 25. Bxe4 dxe4 26. Rxe4 f6 27.
Nd4 $16) 23. Rxc1 Rb8 24. Qe1 Rxb2 25. Rd1 Nf6 26. Nc3 $14) 22. Qa4 Rxb4 23.
Qxc6 Qxc6 24. Rxc6 Rxb2 25. Re1 $1 Ra8 26. f3 Nd2 27. f4 Bf6 28. Bxd5 Rd8 29.
Bg2 $16)) 19... e4 $6 {Giving white a free hand to do whatever he wants on the
queenside.} 20. Rc2 $1 {[%csl Ra6][%cal Ge2c1,Gc1b3,Ga1c1,Gg2f1,Gc2c8] White's
play is very simple and very strong.} h5 $5 {Trying to create something on the
kingside.} 21. Nc1 h4 22. Nb3 $36 hxg3 23. hxg3 Nd8 $6 (23... Ne7 $5 24. Bf1 $5
(24. Nc5 Bxc5 25. Rxc5 Rxc5 26. dxc5 Nc6 (26... Qb5 27. Qa4 $1 Qxc5 28. Bxb4
Qc7 29. Qa3 Re8 30. Bf1 $16) 27. Bf1 (27. Qe2 Qb7 28. Bf1 Ra8 $132) 27... Qb7
28. Qa4 Rd8 29. Rd1 d4 $132) 24... Rxc2 25. Qxc2 Rc8 26. Qe2 Ra8 27. Qd2 $5 $14
) 24. Rac1 $16 Rxc2 (24... Ne6 $5 25. Nc5 Bxc5 26. dxc5 Qb5 27. c6 $1 Qxa5 28.
Qd2 $16) 25. Qxc2 Qf5 26. Qc8 $1 Ne6 27. Qxa6 Be7 28. Qb7 Bd6 29. Rc6 $1 $18 {
The game is actualy over.} Bxg3 {Despiration,but the consequances of other
moves were about the same.} 30. fxg3 Qh5 31. Rc8 Rxc8 32. Qxc8+ Kh7 33. Qc2 Ng4
34. Bxe4+ $6 (34. Qe2 $1) 34... dxe4 35. Qxe4+ g6 $6 ({It was still possible
to put up some resistance after} 35... Kg8) 36. Qh1 Qxh1+ 37. Kxh1 Nxe3 38.
Bxb4 Nc7 39. Bd6 Nb5 40. a6 Nc4 41. Bb8 1-0

[Event "Herzliya"]
[Site "Herzliya"]
[Date "1998.09.13"]
[Round "8"]
[White "Zilberman, Yaacov"]
[Black "Afek, Yochanan"]
[Result "1-0"]
[WhiteElo "2520"]
[BlackElo "2375"]
[Annotator "Avrukh,B"]
[PlyCount "115"]
[EventDate "1998.09.??"]
[EventType "tourn"]
[EventRounds "11"]
[EventCountry "ISR"]
[EventCategory "10"]
[SourceTitle "EXT 1999"]
[Source "ChessBase"]
[SourceDate "1998.11.16"]
[SourceVersion "1"]
[SourceVersionDate "1998.11.16"]
[SourceQuality "1"]

{[%mdl 4096]} 1. d4 d5 2. Nf3 c5 3. dxc5 e6 4. e4 Bxc5 5. exd5 exd5 6. Bb5+ Nc6
7. O-O Nge7 8. Nc3 (8. c4 O-O 9. cxd5 Nxd5 10. Bxc6 bxc6 11. Qc2 Qb6 12. Nbd2
$2 (12. a3 $142 Ba6 13. Rd1 $14 {[%cal Gb2b4]}) 12... Nb4 $1 13. Qe4 Ba6 14.
Nc4 Rae8 15. Qh4 Bxc4 16. Qxc4 Qb5 $17 {1/2-1/2 Brkljaca,A-Paunovic,T/Belgrade
1988/TD 88\07 (26)}) 8... O-O 9. Bg5 (9. Bf4 Bg4 10. Be2 Re8 11. Ne5 $6 (11.
Qd2 Bxf3 12. Bxf3 Nd4 13. Bg4 Nec6 $13) 11... Bxe2 12. Nxe2 Nf5 13. Nd3 Bb6 14.
Ng3 Nxg3 15. hxg3 Qf6 16. Qh5 h6 17. Rfe1 g5 18. Bd2 Re4 19. Re2 $2 (19. Bc3
Qg6 $5 $15) 19... Nd4 $17 {0-1 Hainzinger,J-Orsag,M/Aschach 1996/EXT 97 (31)})
(9. h3 a6 10. Bxc6 (10. Bd3 $142) 10... bxc6 $15 {[%csl Gc5,Gc8]} 11. Na4 Ba7
12. b4 a5 13. c3 $6 {1-0 Kazek,K-Videki,S/Bytom 1988/EXT 88 (34)} (13. bxa5
Qxa5 14. Re1 Re8 15. Nb2 $15 {[%cal Gb2d3]}) 13... axb4 14. cxb4 Re8 $17 {
[%csl Ga7,Gc8,Gd5][%cal Ga8a3]}) 9... f6 10. Bf4 Be6 (10... Bg4 11. Na4 (11. h3
$2 Bxf3 12. Qxf3 Nd4 13. Qd3 $140 $2 (13. Qd1 Qb6) 13... Ng6 14. Be3 Ne5 15.
Qd1 Nxb5 16. Nxb5 Bxe3 17. fxe3 Nc4 $15) (11. Be2 Re8 12. Qd2 $14 {[%csl Re6]
[%cal Ga1d1,Gh2h3]}) 11... Bd6 12. Bxd6 Qxd6 $132 {[%csl Rd5][%cal Gf8e8,Ga8c8,
Ga8d8]}) 11. Na4 Bd6 12. Bxd6 Qxd6 13. Re1 Bf7 $11 {White played not so active
in the opening ,so black got comfortable play very quickly.} 14. Nc3 d4 $5 (
14... Rad8 15. Ne2 {[%cal Ge2d4]} Bh5 16. Ng3 Bxf3 17. Qxf3 Ne5 18. Qb3 a6 19.
Bf1 b5 $11 {[%cal Ge5c4]}) 15. Ne2 Rad8 $2 {[%mdl 8192]} (15... Qb4 $1 16.
Nexd4 (16. Bxc6 Nxc6 17. Nfxd4 Qxb2 (17... Rfd8 $2 18. Nxc6 bxc6 19. Qc1 Rab8
20. b3 Rd2 21. c3 Qd6 22. Nd4 $18) 18. Rb1 Qxa2 19. Rxb7 Nxd4 20. Nxd4 Rfe8 $11
) 16... Qxb2 17. Bxc6 Nxc6 18. Rb1 Qxa2 19. Rxb7 Rad8 $11) 16. Nexd4 $1 $16 {
[%csl Re7]} Nxd4 17. Qxd4 Qxd4 18. Nxd4 Rxd4 19. Rxe7 Rb4 20. Rxb7 Rxb2 21. c4
{After a terrible blunder on 15 move white gets winning ending by force.} a5 (
21... Rc8 22. Rxa7 Bxc4 23. Bxc4+ Rxc4 24. Rd1 Rd2 25. Re1 h6 (25... Re2 26.
Kf1 $1 $16) 26. h3 $18 {[%cal Ge1e7]}) 22. a4 (22. c5 $1 Rc2 (22... Rxa2 $2 23.
Rxa2 Bxa2 24. c6 Rc8 25. c7 Be6 26. Ba6 $18 {[%cal Gb7b8]} Kf7 $140 27. Ra7 Ke8
28. Bxc8 Bxc8 29. Rxa5 $18) 23. c6 Bd5 24. Rd1 Bxc6 25. Bxc6 Rxc6 26. h3 $16 {
[%cal Gd1d7]}) 22... Rc2 (22... Rc8 23. Rc1 $1 {[%cal Gc4c5,Gc5c6,Gc6c7]} (23.
c5 $2 Bd5 24. Bc4 Rd2 25. Bxd5+ Rxd5 $11) 23... Bxc4 $140 $2 24. h3 Rb4 25. Ra7
$16) 23. Rc7 Rd8 24. h3 h5 25. Re1 h4 26. c5 (26. Ree7 $143 Rd1+ 27. Kh2 Rcc1
28. g4 hxg3+ 29. Kxg3 Rg1+ 30. Kf4 Bh5 $132 {[%csl Rf4][%cal Gc1c3]}) 26...
Rdd2 27. Bc6 $4 (27. c6 $1 Bg6 (27... Rxf2 28. Rc8+ {[%csl Rc2][%cal Gb5d3]}) (
27... Bd5 28. Rd7 $18 {[%cal Gc6c7,Gc7c8]}) (27... Bc4 28. Rd7 $18) 28. Ree7
Kh7 (28... Rd1+ 29. Kh2 Rcc1 30. g3 Rh1+ 31. Kg2 Rcg1+ 32. Kf3 Bh5+ 33. Kf4 $18
) 29. Rxg7+ Kh6 30. Rcd7 Rxf2 31. Rxg6+ Kxg6 32. Bd3+ Kg5 33. Bxc2 Rxc2 34. c7
$18 {[%cal Gg1f1,Gf1e1,Ge1d1,Gd1d2,Gd2d3,Gd3d4,Gd4d5,Gd5d6]}) 27... Bd5 28.
Re8+ Kh7 29. Bxd5 Rxd5 30. Re4 (30. Ree7 Rg5 $1 (30... Rdxc5 31. Rxg7+ Kh6 32.
Rh7+ Kg5 33. Rcg7+ Kf5 34. Rxh4 $18) 31. c6 Rc1+ 32. Kh2 Rc2 33. Re4 Rxf2 34.
Rxh4+ Kg6 35. Rg4 Rxg4 36. hxg4 Rf4 $11) 30... Rcxc5 31. Rxh4+ Kg8 32. Ra7 Rh5
33. Rg4 Rhg5 34. Rxg5 Rxg5 35. Kh2 (35. Rb7 {[%cal Gb7b5]} Kf8 36. Kf1 Re5 37.
Rb5 $140 $4 Rxb5 38. axb5 Ke7 $19) 35... Rc5 36. f3 Kh7 37. g4 {[%cal Gh2g3]}
Kh6 38. Kg3 Kg6 39. Ra6 Rd5 40. Kh4 Kh7 41. Ra7 (41. f4 $143 Rd4 (41... g5+ $2
42. fxg5 fxg5+ 43. Kh5 $18) (41... f5 $2 42. g5 g6 43. Ra7+ Kg8 44. Kg3 Rd3+
45. Kf2 Rd4 46. Rxa5 Rxf4+ 47. Kg3 Rc4 48. Ra7 $16) 42. Rxa5 Rxf4 $14) 41...
Rc5 42. Kg3 {[%cal Gh3h4]} Rd5 43. h4 Rc5 44. Kf2 (44. h5 Kh6 45. Kh4 Rc3 46.
f4 Rc4 47. Rxa5 Rxf4 $14) 44... f5 45. g5 Rc4 $4 (45... Kg6 46. Kg3 (46. Ke3 $2
Rc3+ 47. Ke2 Rc4 $11) 46... Rd5 47. Ra6+ Kh5 48. Kf4 Kxh4 (48... Rd4+ $2 49.
Kxf5 Rxa4 50. Ra7 (50. f4 $2 Kxh4 $11) 50... g6+ 51. Ke5 $1 Kxh4 52. Kf6 $16)
49. Rg6 Rd7 50. Kxf5 Kg3 51. Ra6 Rd5+ 52. Kg6 Kxf3 53. Ra7 Kg4 $11) 46. h5 $18
{[%cal Gh5h6]} f4 (46... Rxa4 47. h6 $18) 47. Rxa5 (47. h6 Kh8 48. Rxg7 $140 $4
Rc2+ $11) 47... Rc2+ 48. Kg1 g6 (48... Rc3 49. Kg2 Rc2+ 50. Kh3 $18 {[%cal
Gh3g4]}) 49. Ra7+ Kg8 50. hxg6 Rc5 51. Kf2 (51. g7 Rxg5+ 52. Kf2 Rd5 53. a5 Rd3
54. a6 $18) 51... Rxg5 52. Rf7 (52. g7 $18) 52... Rxg6 53. Rxf4 Rb6 54. Ke3 Kg7
55. Kd3 Kg6 56. Kc4 Rb1 57. a5 Kg5 58. Rf8 1-0

[Event "Recklinghausen"]
[Site "Recklinghausen"]
[Date "1998.08.01"]
[Round "8"]
[White "Stefanova, Antoaneta"]
[Black "Graf, Alexander"]
[Result "0-1"]
[WhiteElo "2480"]
[BlackElo "2625"]
[Annotator "Avrukh,B"]
[PlyCount "90"]
[EventDate "1998.07.25"]
[EventType "tourn"]
[EventRounds "9"]
[EventCountry "GER"]
[EventCategory "12"]
[SourceTitle "CBM 067"]
[Source "ChessBase"]
[SourceDate "1998.11.30"]
[SourceVersion "2"]
[SourceVersionDate "1998.11.01"]
[SourceQuality "1"]

1. d4 Nf6 2. Nf3 d5 3. c3 c5 4. dxc5 e6 5. b4 a5 6. Qb3 b6 7. cxb6 Qxb6 (7...
axb4 8. cxb4 Qxb6 9. b5 Nbd7 10. e3 Nc5 11. Qc2 Bd6 12. a4 O-O 13. Be2 e5 14.
Bb2 Ng4 15. Nc3 $2 (15. Nbd2 $1 $13 {[%cal Gh2h3]}) (15. h3 $6 Nxf2 16. Kxf2
Ne4+ 17. Ke1 Qxe3 $40) 15... d4 $17 {0-1 Cook,P-Watson,J/US-op 1969 (30)}) 8.
b5 $146 (8. Be3 Qb7 9. bxa5 Rxa5 10. Nbd2 Nbd7 11. Bd4 Bd6 12. c4 e5 13. Bc3
Ra3 14. Qxb7 Bxb7 15. Bb2 Ra4 16. e3 Ke7 $32 {[%cal Gh8b8,Rh8a8] =/+ 1/2-1/2
Norwood,D-Wahls,M/BL9394 1994}) 8... a4 9. Qb2 Nbd7 (9... Bd7 10. e3) (9... Bc5
10. e3 O-O 11. c4 Bb7 12. Nc3 $14) 10. e3 Bd6 11. Be2 O-O (11... e5 12. c4 $36)
12. O-O Bb7 (12... e5 $5 13. c4 e4 14. Nd4 Ne5 $40 15. Qc2 dxc4 (15... Bb7 $5
$13 {[%csl Ra1,Rb1][%cal Gf8c8]}) 16. Bxc4 Nxc4 17. Qxc4 Bxh2+ $6 18. Kxh2 Ng4+
19. Kg1 Qh6 $2 (19... Qd6 $8 20. f4 (20. g3 $2 Qh6 $19) 20... Qh6 21. Rf2 Qh2+
22. Kf1 Bd7 $44) 20. Qc7 $1 $18) 13. Qc2 Rfc8 14. Ba3 Ne4 (14... Bxa3 15. Nxa3
Qc5 (15... Ne4 16. c4 dxc4 17. Bxc4 Qc5 18. Qb2 Nb6 19. Rac1 $16) 16. Nb1 Ne4
17. Rc1 Ndf6 {[%cal Ge4d6,Gd6b5] It is not so easy for white to develop theirs
pieces.}) 15. Bxd6 Nxd6 {[%cal Gd6b5]} (15... Qxd6 $143 {[%csl Ra1,Rb1,Rc3,Gc8,
Ge4]} 16. Nfd2 $1 Nec5 17. c4 Ne5 18. Nc3 dxc4 19. Nxc4 Nxc4 20. Bxc4 Qe5 $36 {
[%cal Gc8c2]}) 16. Nd4 Nf6 17. Rc1 Nfe4 $15 18. Bd3 Qc5 19. Nd2 $2 (19. a3 e5
20. Nf3 $15 {[%cal Gf3d2,Rc2h7]}) 19... e5 $6 (19... Nxc3 $1 20. N2f3 (20. Nc6
Ndxb5 21. Bxb5 Bxc6 22. Bd3 Bb7 23. Bxh7+ Kh8 $17 {[%cal Gc3e2]}) (20. Bxh7+
Kh8 21. N2f3 {[%cal Gf3e5]} Qa3 $1 (21... Nce4 $2 22. Bxe4 Nxe4 23. Qxc5 Nxc5
24. Ne5 $16) 22. Bd3 Ne2+ 23. Bxe2 Rxc2 24. Rxc2 Rc8 $19) 20... Qa3 $1 $17 {
[%csl Rc2][%cal Gc3e2]}) 20. Nc6 Nxd2 21. Ne7+ Kh8 22. Qxd2 (22. Nxc8 N6c4 23.
Rd1 Rxc8 (23... e4 $5 24. Be2 $1 Rxc8 25. Rxd2 Nxd2 26. Qxd2 Qxc3 27. Qxc3 Rxc3
$17 {White has very pasive pieces.}) 24. Rxd2 Nxd2 25. Qxd2 Qxc3 26. Qxc3 Rxc3
27. Rd1 g6 28. f3 f5 $15 {[%cal Re5e4,Gh8g7,Gg7f6]}) 22... Rc7 23. Nf5 Nxf5 24.
Bxf5 Qxb5 25. Rab1 Qc6 {[%csl Rg2][%cal Rd5d4]} 26. Bh3 g6 {[%cal Gh8g7]} 27.
Qb2 $6 {[%cal Gc3c4]} (27. a3 $142) 27... a3 28. Qd2 (28. Qb5 $2 Qxb5 29. Rxb5
d4 30. c4 d3 31. Rxe5 d2 32. Rd1 Rxc4 $17 {[%csl Rg1]}) 28... Ra4 {[%csl Rg2]
[%cal Ga4h4,Rd5d4]} 29. f4 $2 (29. Rb3 $1 Rh4 $140 $6 30. Rcb1 $1 {[%cal Gb3b6]
} (30. Rxa3 d4 $1 31. Rb3 Rxh3 32. Rxb7 Qxb7 33. gxh3 dxc3 34. Rxc3 Rd7 35. Qe1
Kg7 $13 {[%csl Rg1]}) 30... Rxh3 31. Rb6 (31. gxh3 d4 32. Rxb7 Rxb7 33. Rxb7
Qxb7 34. cxd4 Qb2 35. Qa5 $11) 31... Qxc3 32. Qxc3 Rxc3 33. gxh3 Bc8 34. R1b3
Rc2 35. Rb8 Kg7 36. Kg2 Ba6 37. Rxa3 Bc4 38. Rba8 d4 $132 {[%cal Rd4d1]}) 29...
exf4 30. exf4 Qf6 $17 {[%csl Rc3,Rf4][%cal Gd5d4,Ra7g1]} 31. Rb3 d4 $1 $36 (
31... Rxf4 32. Rxa3 Qb6+ 33. Kh1 Rf2 34. Qh6 $132) 32. c4 Kg7 33. Bg4 Ba6 34.
c5 d3 35. Bf3 Rd4 $4 $138 (35... Qd4+ $1 36. Qf2 d2 (36... Qxf4 $5 $17) 37. Rd1
Rxc5 38. Qxd4+ Rxd4 39. Rxa3 Bb5 {[%cal Gb5a4]} 40. Ra5 Rf5 $17) 36. Qf2 $4
$138 (36. Rb6 $1 $18) 36... Qxf4 37. Rd1 Rc4 $2 (37... Rxc5 38. g3 Qf6 $17) 38.
Rbxd3 R4xc5 39. Rxa3 Bc8 $2 $138 (39... Rc2 $1 40. Qd4+ (40. Qe1 Bb7 $17) 40...
Qxd4+ 41. Rxd4 Bb7 $15) 40. Qd4+ Qxd4+ 41. Rxd4 Rc1+ (41... Rc2 $5 {[%cal
Gc8b7]}) 42. Kf2 R7c2+ 43. Kg3 Be6 44. Bd5 $4 (44. Rda4 f5 45. Ra7+ Kh6 46.
R3a6 $11) 44... Bxd5 45. Rxd5 Rg1 0-1

[Event "RUS-Cup07"]
[Site "Tomsk"]
[Date "1998.07.15"]
[Round "1"]
[White "Monastyrev, Stepan"]
[Black "Bezgodov, Alexei"]
[Result "0-1"]
[WhiteElo "2320"]
[BlackElo "2520"]
[Annotator "Avrukh,B"]
[PlyCount "58"]
[EventDate "1998.07.15"]
[EventType "swiss"]
[EventRounds "9"]
[EventCountry "RUS"]
[SourceTitle "CBM 067"]
[Source "ChessBase"]
[SourceDate "1998.11.30"]
[SourceVersion "2"]
[SourceVersionDate "1998.11.01"]
[SourceQuality "1"]

1. Nf3 d5 2. d4 c5 3. b3 $6 $146 (3. Bf4 cxd4 (3... e6 4. e3 Bd6 5. Bxd6 (5. c3
$5) (5. Bg3) 5... Qxd6 6. Nc3 a6 7. e4 $1 Ne7 8. exd5 exd5 9. dxc5 Qxc5 10. Qd4
Qxd4 11. Nxd4 Be6 12. O-O-O Kd7 13. g3 Nbc6 14. Bg2 $14 {[%csl Rd5] 1/2-1/2
Schlechter,C-Spielmann,R/Karlsbad 1911/HCL 09 (70)}) (3... Qb6 $6 4. dxc5 $1
Qxb2 5. Be5 Qb4+ 6. Nc3 $32 e6 7. Rb1 Qxc5 8. Nb5 Na6 9. e3 f6 10. Bd4 Qe7 11.
Nxa7 $16 {1-0 Schlechter,C-Leonhardt,P/Karlsbad 1911/HCL 09 (21)}) 4. Bxb8 (4.
Nxd4 $6 Nc6 5. e3 Qb6 (5... e6 6. Be2 Nf6 7. O-O Be7 8. Bf3 O-O 9. c4 Qb6 10.
Nc3 Nxd4 11. Qxd4 Qxd4 (11... Qxb2 $2 12. Nxd5 $1) 12. exd4 dxc4 $15 {0-1
Singer,R-Meszaros,A/Zalaegerszeg 1993/EXT 93 (29)}) 6. Nc3 Nf6 7. Be2 e5 8.
Nxc6 exf4 $1 9. Nd4 Qxb2 10. Ndb5 Bb4 11. O-O Bxc3 12. Rb1 Qxa2 13. Nc7+ Ke7
14. Nxa8 fxe3 $17 {0-1 Amarawickrama,H-Morris,C/Manila 1992/TD 92\02 (34)})
4... Rxb8 5. Qxd4 b6 $2 {[%csl Rc6]} (5... Qa5+ {[%cal Gg8f6]}) 6. Ne5 Qc7 7.
Qxd5 e6 8. Qb5+ Bd7 9. Qxd7+ Qxd7 10. Nxd7 Kxd7 11. Nc3 Bb4 12. O-O-O+ Ke7 13.
Nb5 $16 {1/2-1/2 Modrova,H-Cejkova,M/Prague 1991/TD 93\02 (63)}) (3. Bg5 Qb6 4.
b3 e6 5. e3 Nc6 6. Be2 Be7 7. Bf4 Nf6 8. O-O Nh5 9. Be5 f6 10. Bg3 Nxg3 11.
hxg3 O-O $11 {[%csl Gc8,Ge7] 0-1 Macrae,J-Shah,A/Hastings 1995/EXP 48 (46)})
3... cxd4 4. Qxd4 Nc6 5. Qd1 e5 $15 {[%csl Ra3,Rb4,Rc3,Gd5,Ge5]} 6. e4 Nf6 (
6... dxe4 $143 7. Qxd8+ Kxd8 8. Ng5 Nh6 9. Nxe4 Nb4 $1 10. Na3 f5 $15) 7. Bg5 (
7. exd5 Nxd5 $15) 7... dxe4 8. Qxd8+ Kxd8 9. Nfd2 Nd4 (9... Bf5 $5) 10. Kd1 $8
Bg4+ 11. Kc1 Rc8 12. c3 Be7 13. Kb2 (13. Bc4 $6 b5 14. Bxf7 Rf8 15. Bxf6 Bxf6
16. Bd5 (16. h3 Bf5 17. Bd5 e3 $1 {[%cal Rf6c3]} 18. fxe3 Ne2+ 19. Kb2 e4 20.
Bxe4 Nxc3 21. Bxf5 Nd5+ 22. Ka3 Nxe3 $3 23. Bxh7 (23. Bxc8 $140 $4 Nc2#) 23...
Bxa1 $19) 16... Bg5 $17) 13... Ne6 14. Bxf6 gxf6 15. Nxe4 Rg8 {[%csl Ge7,Gg4]
[%cal Gg8g2]} 16. Ng3 $6 (16. Bc4 $6 Nf4 17. h3 Bf5 18. Rd1+ Kc7 19. Ng3 Bg6
20. Bf1 Bc5 $17) (16. f3 $1 Bf5 17. Nbd2 $15) 16... Nf4 17. Nd2 Kc7 {[%cal
Gc7b8]} 18. f3 $2 (18. Nge4 $1 Be6 $1 (18... f5 $2 19. Ng3 {[%csl Rg4]} (19. g3
$2 fxe4 20. gxf4 Rcd8 $19)) 19. g3 Ng6 20. f3 f5 $17) 18... Be6 $17 {[%csl Rg2,
Rg3]} 19. b4 Kb8 20. Rg1 $2 (20. Rd1 $142 f5 21. Nb3 h5 22. Rg1 Bd8 {[%cal
Gd8b6]} 23. Nc5 Bb6 $17) 20... f5 21. Re1 h5 $19 22. Nh1 (22. Rxe5 $142 Bf6 23.
Re3 Nd5 $19) 22... Nh3 23. Bb5 Nxg1 24. Rxg1 Bg5 25. Nf1 {[%csl Rf1,Rg1,Rh1]}
e4 {[%cal Gg5f6,Gf6c3]} 26. Nfg3 Bf6 27. fxe4 Bxc3+ 28. Ka3 Bd4 29. Rf1 Rc2 0-1